<?xml version='1.0' encoding='UTF-8'?>
  <record xmlns="http://www.loc.gov/MARC21/slim">
    <leader>00000cem a2200000 i 4500</leader>
    <controlfield tag="001">ocm71479003</controlfield>
    <controlfield tag="003">OCoLC</controlfield>
    <controlfield tag="005">20240520003421.1</controlfield>
    <controlfield tag="007">aj cauun</controlfield>
    <controlfield tag="008">921215s1828    be        u     0 o fre d</controlfield>
    <datafield tag="040" ind1=" " ind2=" ">
      <subfield code="a">NLGGC</subfield>
      <subfield code="b">dut</subfield>
      <subfield code="e">fobidrtb</subfield>
      <subfield code="c">NLGGC</subfield>
      <subfield code="d">QGJ</subfield>
      <subfield code="d">L2U</subfield>
      <subfield code="d">OCLCL</subfield>
      <subfield code="d">OCLCQ</subfield>
    </datafield>
    <datafield tag="029" ind1="0" ind2=" ">
      <subfield code="a">NLGGC</subfield>
      <subfield code="b">101014171</subfield>
    </datafield>
    <datafield tag="029" ind1="1" ind2=" ">
      <subfield code="a">NLGGC</subfield>
      <subfield code="b">38040933X</subfield>
    </datafield>
    <datafield tag="035" ind1=" " ind2=" ">
      <subfield code="a">(OCoLC)71479003</subfield>
    </datafield>
    <datafield tag="084" ind1=" " ind2=" ">
      <subfield code="a">74.19</subfield>
      <subfield code="2">bcl</subfield>
    </datafield>
    <datafield tag="100" ind1="1" ind2=" ">
      <subfield code="a">Zomerhoyzen, Hirš</subfield>
      <subfield code="q">(Hartog),</subfield>
      <subfield code="d">1781-1853.</subfield>
      <subfield code="1">https://id.oclc.org/worldcat/entity/E39PCjF3QpcrKjBdQVxdFVH9jC</subfield>
    </datafield>
    <datafield tag="245" ind1="1" ind2="0">
      <subfield code="a">Germanie ancienne et moderne ou tableau historique géographique et statistique de l'Allemagne depuis les temps les plus reculés jusqu'à nos jours (1828) /</subfield>
      <subfield code="c">dressé à l'instar du cours du tems du profess. Strass d'apres les meilleures sources par H. Somerhausen.</subfield>
    </datafield>
    <datafield tag="255" ind1=" " ind2=" ">
      <subfield code="a">Schaal niet van toepassing.</subfield>
    </datafield>
    <datafield tag="260" ind1=" " ind2=" ">
      <subfield code="a">Bruxelles :</subfield>
      <subfield code="b">N. Lamiraux,</subfield>
      <subfield code="c">1828</subfield>
      <subfield code="e">(Bruxelles :</subfield>
      <subfield code="f">imprimé par R. Castanié)</subfield>
    </datafield>
    <datafield tag="300" ind1=" " ind2=" ">
      <subfield code="a">1 overzicht in 2 gemonteerde bladen. :</subfield>
      <subfield code="b">kopergravure, gekleurd. ;</subfield>
      <subfield code="c">105x70,5 cm.</subfield>
    </datafield>
    <datafield tag="336" ind1=" " ind2=" ">
      <subfield code="a">cartografische afbeelding</subfield>
      <subfield code="b">cri</subfield>
      <subfield code="2">rdacontent/dut</subfield>
    </datafield>
    <datafield tag="337" ind1=" " ind2=" ">
      <subfield code="a">zonder medium</subfield>
      <subfield code="b">n</subfield>
      <subfield code="2">rdamedia/dut</subfield>
    </datafield>
    <datafield tag="338" ind1=" " ind2=" ">
      <subfield code="a">vel</subfield>
      <subfield code="b">nb</subfield>
      <subfield code="2">rdacarrier/dut</subfield>
    </datafield>
    <datafield tag="500" ind1=" " ind2=" ">
      <subfield code="a">De geschiedenis van Duitsland voorgesteld als een stromenkaart.</subfield>
    </datafield>
    <datafield tag="504" ind1=" " ind2=" ">
      <subfield code="a">Met toelichting aan weerskanten.</subfield>
    </datafield>
    <datafield tag="650" ind1=" " ind2="7">
      <subfield code="a">74.19 geography of Europe.</subfield>
      <subfield code="0">(NL-LeOCL)077610970</subfield>
      <subfield code="2">bcl</subfield>
    </datafield>
    <datafield tag="651" ind1=" " ind2="7">
      <subfield code="a">Duitsland.</subfield>
      <subfield code="2">gtt</subfield>
      <subfield code="0">(NL-LeOCL)07849043X</subfield>
    </datafield>
    <datafield tag="655" ind1=" " ind2="7">
      <subfield code="a">Chronologische overzichten (vorm)</subfield>
      <subfield code="2">gtt</subfield>
      <subfield code="0">(NL-LeOCL)110999274</subfield>
    </datafield>
    <datafield tag="700" ind1="1" ind2=" ">
      <subfield code="a">Strass, Friedrich,</subfield>
      <subfield code="d">1766-1845.</subfield>
      <subfield code="1">https://id.oclc.org/worldcat/entity/E39PBJrgHyf6qVXRqkWTXgfjG3</subfield>
    </datafield>
    <datafield tag="710" ind1="2" ind2=" ">
      <subfield code="a">Lamiraux, N. (Brussel)</subfield>
    </datafield>
    <datafield tag="710" ind1="2" ind2=" ">
      <subfield code="a">Castanié, R. (Brussel)</subfield>
    </datafield>
    <datafield tag="758" ind1=" " ind2=" ">
      <subfield code="a">Germanie ancienne et moderne (CartographicMaterial)</subfield>
      <subfield code="1">https://id.oclc.org/worldcat/entity/E39PCGwDDhw7KMckGFJfDWCD4m</subfield>
      <subfield code="4">https://id.oclc.org/worldcat/ontology/hasWork</subfield>
    </datafield>
    <datafield tag="776" ind1="0" ind2=" ">
      <subfield code="t">Germanie ancienne et moderne ou tableau historique géographique et statistique de l'Allemagne depuis les temps les plus reculés jusqu'à nos jours (1828)</subfield>
      <subfield code="w">(NL-LeOCL)38040933X</subfield>
    </datafield>
    <datafield tag="787" ind1="1" ind2="8">
      <subfield code="i">3 bijkaarten 1:</subfield>
      <subfield code="t">Germanie ancienne. 2: Allemagne ou le St. Empire Romain au 16e siècle. 3: Confédération Germanique depuis 1815</subfield>
    </datafield>
    <datafield tag="936" ind1=" " ind2=" ">
      <subfield code="a">BATCHLOAD</subfield>
    </datafield>
  </record>